书目信息 |
| 题名: |
声纹技术
|
|
| 作者: | 王泉 著 | |
| 分册: | ||
| 出版信息: | 北京 电子工业出版社 2020.11 |
|
| 页数: | 14,278页 | |
| 开本: | 24cm | |
| 丛书名: | ||
| 单 册: | ||
| 中图分类: | TN912.34 | |
| 科图分类: | ||
| 主题词: | 语音识别--研究 | |
| 电子资源: | ||
| ISBN: | 978-7-121-39529-1 | |
| 000 | 01223nam0 2200277 45 | |
| 001 | 012001002417 | |
| 005 | 20140914095037.0 | |
| 010 | @a978-7-121-39529-1@dCNY99.00 | |
| 100 | @a20201120d2020 em y0chiy50 ea | |
| 101 | 0 | @achi |
| 102 | @aCN@b110000 | |
| 105 | @aa z 000yy | |
| 106 | @ar | |
| 200 | 1 | @a声纹技术@Asheng wen ji shu@b专著@e从核心算法到工程实践@dVoice identity techniques@efrom core algorithms to engineering practice@f王泉著@zeng |
| 210 | @a北京@c电子工业出版社@d2020.11 | |
| 215 | @a14,278页@c图@d24cm | |
| 300 | @a并列题名:Voice identity techniques | |
| 300 | @a其他题名:从核心算法到工程实践 | |
| 330 | @a本书介绍了声纹识别、声纹分割聚类及声纹在语音识别、语音合成、人声分离等领域中的应用技术。全书共分7部分,内容包括:声纹技术的前世今生、音频信号处理基础、声纹识别技术、声纹识别的工程部署、声纹分割聚类技术、声纹技术的其他应用、声纹技术的未来。 | |
| 510 | 1 | @aVoice identity techniques@efrom core algorithms to engineering practice@zeng |
| 517 | 1 | @a从核心算法到工程实践@Acong he xin suan fa dao gong cheng shi jian |
| 606 | 0 | @a语音识别@x研究 |
| 690 | @aTN912.34@v5 | |
| 701 | 0 | @a王泉@Awang quan@c(电子学)@4著 |
| 801 | 0 | @aCN@bBJSDL@c20211011 |
| 905 | @b1339644-7@dTN912.34@e95@f4 | |
| 声纹技术:从核心算法到工程实践=Voice identity techniques:from core algorithms to engineering practice/王泉著.-北京:电子工业出版社,2020.11 |
| 14,278页:图;24cm |
| 并列题名:Voice identity techniques.-其他题名:从核心算法到工程实践 |
| ISBN 978-7-121-39529-1:CNY99.00 |
| 本书介绍了声纹识别、声纹分割聚类及声纹在语音识别、语音合成、人声分离等领域中的应用技术。全书共分7部分,内容包括:声纹技术的前世今生、音频信号处理基础、声纹识别技术、声纹识别的工程部署、声纹分割聚类技术、声纹技术的其他应用、声纹技术的未来。 |
| ● |
| 相关链接 |
|
|
|
|
正题名:声纹技术
索取号:TN912.34/95
 
预约/预借
| 序号 | 登录号 | 条形码 | 馆藏地/架位号 | 状态 | 备注 |
| 1 | 1339644 | 213396449 | 第二样本阅览室/ [索取号:TN912.34/95] | 在馆 | |
| 2 | 1339645 | 213396458 | 第三借阅区/ [索取号:TN912.34/95] | 在馆 | |
| 3 | 1339646 | 213396467 | 第三借阅区/ [索取号:TN912.34/95] | 在馆 | |
| 4 | 1339647 | 213396476 | 第三借阅区/ [索取号:TN912.34/95] | 在馆 |